Kitab-E-Muqaddas, Zaboor Aur Imsaal Ki Kitab (Record no. 5413)

MARC details
000 -LEADER
fixed length control field 00600nam a2200229 a 4500
020 ## - INTERNATIONAL STANDARD BOOK NUMBER
ISBN
082 00 - DEWEY DECIMAL CLASSIFICATION NUMBER
Classification number 223.2
Author Cutter NIB
245 ## - TITLE STATEMENT
Title Kitab-E-Muqaddas, Zaboor Aur Imsaal Ki Kitab
260 ## - PUBLICATION, DISTRIBUTION, ETC. (IMPRINT)
Place of publication Mirzapur
Name of publisher North India Bible Society
Year of publication 1869
300 ## - PHYSICAL DESCRIPTION
Number of Pages 124p
500 ## - GENERAL NOTE
General note includes index and biblioraphy
505 2# - FORMATTED CONTENTS NOTE
Formatted contents note With Pictures, Index of Illustrations
650 ## - SUBJECT ADDED ENTRY--TOPICAL TERM
Topical Term Psalms
942 ## - ADDED ENTRY ELEMENTS (KOHA)
Koha item type
Holdings
Home library Current library Date acquired Cost, normal purchase price Full call number Accession Number Koha item type
Henry Martyn Institute Library Henry Martyn Institute Library 06/19/2007 100.00 223.2 NIB 5743 Archive Book
                   Copyright © 2026 | Henry Martyn Institute | Hyderabad | TS-500052 | INDIA | Implemented by hmi.edu.in
Hit-Count:

Powered by Koha